=LDR 00000nam 2200000 4500 =001 INLIS000000000040680 =005 20130612150236 =008 ***********************************ind** =035 ##$$0010-061300000040680 =041 ##$$a ind =082 ##$$a 813 =090 ##$$a 813, Tan k =100 ##$$a TANSRI, Melliana K =245 ##$$a Konser, Melliana k tansri =260 ##$$a 2009 $b Jakarta =300 ##$$a 296 Hlm, 20 cm =650 ##$$a FIKSI =850 ##$$a NBPNMAT =990 ##$$a 0001/BPAP-NTB/20142015 =990 ##$$a 87688768 =990 ##$$a 01201708768 =990 ##$$a 0001/BPAP-NTB/20142015